Bentley Prosteel V8i thiết kế chi tiết 2D/3D kết cấu thép
Nội dung gồm: lập mô hình 3D chi tiết kết cấu thép; triển khai bản vẽ 2D chi tiết từ mô hình 3D; tính toán thiết kế liên kết trong kết cấu thép với Ram Connection V8i
Guardado en:
| Autor principal: | |
|---|---|
| Formato: | Libro |
| Lenguaje: | Undetermined |
| Publicado: |
Hà Nội
Xây dựng
2017
|
| Materias: | |
| Etiquetas: |
Agregar Etiqueta
Sin Etiquetas, Sea el primero en etiquetar este registro!
|
| Thư viện lưu trữ: | Trung tâm Học liệu Trường Đại học Cần Thơ |
|---|
| LEADER | 00962nam a2200217Ia 4500 | ||
|---|---|---|---|
| 001 | CTU_227394 | ||
| 008 | 210402s9999 xx 000 0 und d | ||
| 020 | |c 135000 | ||
| 082 | |a 624.18210285 | ||
| 082 | |b Ngh301 | ||
| 100 | |a Nguyễn, Trọng Nghĩa | ||
| 245 | 0 | |a Bentley Prosteel V8i thiết kế chi tiết 2D/3D kết cấu thép | |
| 245 | 0 | |c Nguyễn Trọng Nghĩa chủ biên | |
| 260 | |a Hà Nội | ||
| 260 | |b Xây dựng | ||
| 260 | |c 2017 | ||
| 520 | |a Nội dung gồm: lập mô hình 3D chi tiết kết cấu thép; triển khai bản vẽ 2D chi tiết từ mô hình 3D; tính toán thiết kế liên kết trong kết cấu thép với Ram Connection V8i | ||
| 650 | |a Steel, Structural,Kết cấu thép | ||
| 650 | |x Design and construction,Thiết kế và xây dựng | ||
| 904 | |i Tuyến | ||
| 980 | |a Trung tâm Học liệu Trường Đại học Cần Thơ | ||